TECHNIQUES OF BRIEF PSYCHOTHERAPY (Record no. 13933)

MARC details
000 -LEADER
fixed length control field 00306nam a22001337a 4500
003 - CONTROL NUMBER IDENTIFIER
control field SGT
082 ## - DEWEY DECIMAL CLASSIFICATION NUMBER
Classification number 616.89
Item number T93F
100 ## - MAIN ENTRY--PERSONAL NAME
Personal name FLEGENHIMER, WATTERV
245 ## - TITLE STATEMENT
Title TECHNIQUES OF BRIEF PSYCHOTHERAPY
260 ## - PUBLICATION, DISTRIBUTION, ETC. (IMPRINT)
Place of publication, distribution, etc LONDON
Name of publisher, distributor, etc JASON ARNOSN
Year of Publication 1993
300 ## - PAGE DESCRIPTION
No. of Pages 206
650 ## - SUBJECT ADDED ENTRY--TOPICAL TERM
Topical term or geographic name as entry element PSYCHOLOGY
942 ## - ADDED ENTRY ELEMENTS (KOHA)
Source of classification or shelving scheme Dewey Decimal Classification
Koha item type Books
Holdings
Withdrawn status Lost status Source of classification or shelving scheme Damaged status Not for loan Collection code Home library Current library Shelving location Date acquired Vendor Name SGTU Bill Number Full call number Accession No. (Barcode) Date last seen Bill Date Koha item type
    Dewey Decimal Classification   Not For Loan MEDICAL SGT Medical Library SGT Medical Library Reference Book 09/12/2017 ABC SGTU 8349 616.89 T93F FM8867 09/12/2017 23/06/2017 Books